[Event "ARG-ch sf Amateur U2000/2300"]
[Site "Cosquin"]
[Date "2019.07.28"]
[Round "5.5"]
[White "Pellitteri, Jose"]
[Black "Pereyra, Alberto"]
[Result "1/2-1/2"]
[WhiteElo "1596"]
[BlackElo "1547"]
[PlyCount "39"]
[EventDate "2019.07.27"]
[EventType "swiss"]
[EventRounds "6"]
[EventCountry "ARG"]
[SourceTitle "EXT 2024"]
[Source "ChessBase"]
[SourceDate "2023.10.10"]
[SourceVersion "1"]
[SourceVersionDate "2023.10.10"]
[SourceQuality "1"]

1. e4 c5 2. Nf3 d6 3. g3 Nc6 4. Bg2 e5 5. c3 Bg4 6. h3 Bxf3 7. Qxf3 Nf6 8. d3 h6 9. Be3 g5 10. Nd2 Bg7 11. g4 Qd7 12. Qe2 Qe6 13. f3 Nd7 14. Qd1 Nb6 15. Qb3 Qxb3 16. axb3 a5 17. Kf2 Ke7 18. Bf1 Ke6 19. Be2 Bf6 20. Bd1 1/2-1/2